| 000 | 00391nam a22001457a 4500 | ||
|---|---|---|---|
| 005 | 20171205153731.0 | ||
| 008 | 171205b xxu||||| |||| 00| 0 eng d | ||
| 041 | _aeng | ||
| 082 | _a622.42 | ||
| 100 |
_aSHYAM, P.C. _94003 |
||
| 245 |
_aBASIC OF MINE VENTILATION (THROUGH EXAMINATION QUESION AND ANSWER) _cP.C. SHYAM |
||
| 260 |
_aDHANBAD _bLOVELY PRAKASHAN |
||
| 300 | _a103Pp, | ||
| 942 | _cBK | ||
| 999 |
_c5657 _d5655 |
||